<?xml version="1.0" encoding="UTF-8"?>
<collection xmlns="http://www.loc.gov/MARC21/slim">
 <record>
  <leader>00918nam a2200205 a 4500</leader>
  <controlfield tag="001">1/36825</controlfield>
  <controlfield tag="008">090128s1968    gr            001 0 eng d</controlfield>
  <datafield tag="035" ind1=" " ind2=" ">
   <subfield code="l">39418</subfield>
  </datafield>
  <datafield tag="040" ind1=" " ind2=" ">
   <subfield code="a">DLC</subfield>
   <subfield code="b">GR-PeUP</subfield>
  </datafield>
  <datafield tag="082" ind1="0" ind2="0">
   <subfield code="a">658.87 PRE</subfield>
  </datafield>
  <datafield tag="100" ind1="1" ind2=" ">
   <subfield code="a">Preston, Lee E.</subfield>
  </datafield>
  <datafield tag="245" ind1="1" ind2="0">
   <subfield code="a">Consumer goods marketing in a developing economy :</subfield>
   <subfield code="b">the case of Greece /</subfield>
   <subfield code="c">by Lee E. Preston; in association with Constantine Tzavelas.</subfield>
  </datafield>
  <datafield tag="260" ind1=" " ind2=" ">
   <subfield code="a">Athens :</subfield>
   <subfield code="b">Center of Planning and Economic Research,</subfield>
   <subfield code="c">1968.</subfield>
  </datafield>
  <datafield tag="300" ind1=" " ind2=" ">
   <subfield code="a">274 σ. :</subfield>
   <subfield code="b">εικ. ;</subfield>
   <subfield code="c">21 εκ.</subfield>
  </datafield>
  <datafield tag="490" ind1="1" ind2=" ">
   <subfield code="a">Center of Planning and Economic Research. Research monograph series ;</subfield>
  </datafield>
  <datafield tag="504" ind1=" " ind2=" ">
   <subfield code="a">Περιέχει βιβλιογραφία και ευρετήριο.</subfield>
  </datafield>
  <datafield tag="650" ind1=" " ind2="4">
   <subfield code="a">Retail trade</subfield>
   <subfield code="z">Greece.</subfield>
  </datafield>
  <datafield tag="650" ind1=" " ind2="4">
   <subfield code="a">Wholesale trade</subfield>
   <subfield code="z">Greece.</subfield>
  </datafield>
  <datafield tag="830" ind1=" " ind2=" ">
   <subfield code="a">Center of Planning and Economic Research. Research monograph series ;</subfield>
   <subfield code="v">19</subfield>
  </datafield>
  <datafield tag="852" ind1=" " ind2=" ">
   <subfield code="a">INST</subfield>
   <subfield code="b">UNIPILB</subfield>
   <subfield code="c">MAIN</subfield>
   <subfield code="e">20090218</subfield>
   <subfield code="h">658.87 PRE</subfield>
   <subfield code="p">00157325</subfield>
   <subfield code="q">00157325</subfield>
   <subfield code="t">LOAN</subfield>
   <subfield code="y">0</subfield>
   <subfield code="4">1</subfield>
  </datafield>
 </record>
</collection>
